Pravovoj režim Arktiki: novyje vyzovy i razmery
Právny systém Arktídy - nové výzvy a rozmery. Oblasť okolo severného pólu - zamrznutá ľadová plocha medzi americkým a euroázijským kontinentom. Konvencia OSN o morskom práve z r. 1982, ktorá vstúpila do platnosti až v r. 1994. Konvencia ratifikovaná 161 štátmi, USA ju neratifikovali.
Guardado en:
| Autor principal: | |
|---|---|
| Formato: | Capítulo de libro |
| Lenguaje: | ruso |
| Materias: | |
| Etiquetas: |
Sin Etiquetas, Sea el primero en etiquetar este registro!
|
MARC
| LEADER | 00000naa$a2200000$$$4500 | ||
|---|---|---|---|
| 001 | 0152625 | ||
| 005 | 20240502083347.7 | ||
| 041 | 0 | |a rus | |
| 044 | |a RU | ||
| 245 | 1 | 0 | |a Pravovoj režim Arktiki: novyje vyzovy i razmery |c Stanislav Mráz |
| 520 | |a Právny systém Arktídy - nové výzvy a rozmery. Oblasť okolo severného pólu - zamrznutá ľadová plocha medzi americkým a euroázijským kontinentom. Konvencia OSN o morskom práve z r. 1982, ktorá vstúpila do platnosti až v r. 1994. Konvencia ratifikovaná 161 štátmi, USA ju neratifikovali. | ||
| 610 | 2 | 0 | |a právo medzinárodné |
| 610 | 2 | 0 | |a organizácie medzinárodné |
| 610 | 2 | 0 | |a predpisy právne |
| 610 | 2 | 0 | |a doprava námorná |
| 100 | 1 | |a Mráz, Stanislav | |